000
00296nam a22001337a 4500
008
180115b xxu||||| |||| 00| 0 eng d
020
_a
9781457637797
041
_a
eng
080
_2
6 ED
_a
37
100
_a
48
101
_a
EDU
245
_a
A POCKET STYLE MANUAL
_c
HACKER.D
942
_2
udc
_c
BK
999
_c
40232
_d
40232